Refugee Law

Detalles Bibliográficos
Autor principal: Downie, Jocelyn
Otros Autores: Gibson, Elaine
Formato: eBook
Lenguaje:inglés
Publicado: Toronto: Irwin Law Inc., 2007
Materias:
Acceso en línea:Acceso restringido

MARC

LEADER 00000nam a22000007a 4500
005 2021090202262.0
007 cr|||| ||||
008 210902s2007 ca |||||s|||| 00||0 eng d
020 |a 978-1-55221-284-4 
035 |a 35311 
040 |a vLex 
090 |c 12224  |d 12224 
100 1 |a Downie, Jocelyn 
245 1 0 |a Refugee Law  |h [Recurso electrn̤ico] /  |c Jocelyn Downie, Elaine Gibson 
256 |a Servicio en ln̕ea 
260 |a Toronto:  |b Irwin Law Inc.,  |c 2007 
300 |a 1 recurso electrn̤ico 
506 1 |a Disponible solo en los productos indicados  |d vLex Global  |d vLex Global (Academic Edition, excluding Law Schools)  |d vLex Global (U.S. Academic Edition, Law Schools)  |d vLex Global (U.S. Academic Edition, excluding Law Schools)  |d vLex Global (Academic Edition, Law Schools) 
650 0 4 |a Derecho Comunitario  |z Canad̀ 
700 1 |a Gibson, Elaine 
740 0 |a vLex Libros (Servicio en ln̕ea) 
856 4 0 |u https://app.vlex.com/#/sources/35311  |z Acceso restringido 
942 |c BOOK 
999 0 |a Community Law